Star knight [DVD/videorecording] / Westlake ... Read More
Available copies
- 1 of 1 copy available at LARL/NWRL Consortium. (Show)
- 1 of 1 copy available at Northwest Regional Library.
Current holds
0 current holds with 1 total copy.
Show Only Available Copies
| Location | Call Number / Copy Notes | Barcode | Shelving Location | Status | Due Date |
|---|---|---|---|---|---|
| Thief River Falls Public Library | DVD STA (Text) | 35500004026926 | Main | Available | - |
Record details
- Physical Description: 1 videodisc [90 min.] : sd., col. ; 4 3/4 in.
- Publisher: Woodland Hills, CA : Westlake Entertainment, 2003.
Content descriptions
| General Note: | DVD release of the 1985 motion picture. |
| Creation/Production Credits Note: | Written by Fernando Colomo, Andreu Martin ; ... Read More |
| Participant or Performer Note: | Fernando Rey, Maria Lamor, Klaus Kinski, Harvey ... Read More |
| Summary, etc.: | A visitor from another world on a mystic quest ... Read More |
| System Details Note: | DVD. |
Search for related items by subject
| Genre: | Science fiction films. DVDs. |
| LDR | 01386ngm a2200325Ia 4500 | ||
|---|---|---|---|
| 001 | 80503 | ||
| 003 | LARL_NWRL_CONSORTIUM | ||
| 005 | 20070530142749.0 | ||
| 008 | 040109s2003 cau090 vleng d | ||
| 035 | . | ‡a(OCoLC)54004364 | |
| 040 | . | ‡aDGW ‡cDGW ‡dNRG | |
| 245 | 0 | 0. | ‡aStar knight ‡h[DVD/videorecording] / ‡cWestlake Entertainment Group. |
| 260 | . | ‡aWoodland Hills, CA : ‡bWestlake Entertainment, ‡c2003. | |
| 300 | . | ‡a1 videodisc [90 min.] : ‡bsd., col. ; ‡c4 3/4 in. | |
| 500 | . | ‡aDVD release of the 1985 motion picture. | |
| 508 | . | ‡aWritten by Fernando Colomo, Andreu Martin ; produced and directed by Fernando Colomo. | |
| 511 | 1 | . | ‡aFernando Rey, Maria Lamor, Klaus Kinski, Harvey Keitel. |
| 520 | . | ‡aA visitor from another world on a mystic quest strikes terror in the hearts of the people. A princess falls in love with the human/alien pilot of an alien spacecraft, which humans mistake for a dragon. | |
| 538 | . | ‡aDVD. | |
| 655 | 0. | ‡aScience fiction films. ‡0(LARL_NWRL_CONSORTIUM)175747 | |
| 655 | 0. | ‡aDVDs. | |
| 700 | 1 | . | ‡aColomo, Fernando, ‡d1946- ‡0(LARL_NWRL_CONSORTIUM)205560 |
| 700 | 1 | . | ‡aLamor, Maria. |
| 700 | 1 | . | ‡aKeitel, Harvey. ‡0(LARL_NWRL_CONSORTIUM)138249 |
| 700 | 1 | . | ‡aKinski, Klaus. ‡0(LARL_NWRL_CONSORTIUM)95602 |
| 700 | 1 | . | ‡aRey, Fernando. |
| 710 | 2 | . | ‡aWestlake Entertainment Group (Firm) ‡0(LARL_NWRL_CONSORTIUM)209729 |
| 901 | . | ‡a80503 ‡bOCLC ‡c80503 ‡tbiblio | |

Add to basket
Permalink
Disable Highlighting